书目信息 |
| 题名: |
经营制胜
|
|
| 作者: | 宋志平 著 | |
| 分册: | ||
| 出版信息: | 北京 机械工业出版社 2021.04 |
|
| 页数: | 307页 | |
| 开本: | 23cm | |
| 丛书名: | ||
| 单 册: | ||
| 中图分类: | F272.3 | |
| 科图分类: | ||
| 主题词: | 企业经营管理--qi ye jing ying guan li | |
| 电子资源: | ||
| ISBN: | 978-7-111-67636-2 | |
| 000 | 00944nam0 2200265 450 | |
| 001 | 202021194924 | |
| 005 | 20211025120148.0 | |
| 010 | @a978-7-111-67636-2@b精装@dCNY89.00 | |
| 100 | @a20211006d2021 em y0chiy50 ea | |
| 101 | 0 | @achi |
| 102 | @aCN@b110000 | |
| 105 | @ay z 000yy | |
| 106 | @ar | |
| 200 | 1 | @a经营制胜@Ajing ying zhi sheng@d= Business first@f宋志平著@zeng |
| 210 | @a北京@c机械工业出版社@d2021.04 | |
| 215 | @a307页@d23cm | |
| 300 | @a华章经营 | |
| 314 | @a宋志平, 管理工程博士, 中国上市公司协会会长、中国企业改革与发展研究会会长等职。 | |
| 330 | @a本书分十章, 内容包括: 从管理到经营 ; 选业务与选入 ; 联合重组 ; 理性竞争 ; 合理定价 ; 有效创新 ; 互联网+ ; 三精管理 ; 格子化管控 ; 共享机制。 | |
| 510 | 1 | @aBusiness first@zeng |
| 606 | 0 | @a企业经营管理@Aqi ye jing ying guan li |
| 690 | @aF272.3@v5 | |
| 701 | 0 | @a宋志平@Asong zhi ping@4著 |
| 801 | 0 | @aCN@c20210909 |
| 905 | @a河南城建学院图书馆@dF272.3@eS792 | |
| 经营制胜= Business first/宋志平著.-北京:机械工业出版社,2021.04 |
| 307页;23cm |
| 华章经营 |
| ISBN 978-7-111-67636-2(精装):CNY89.00 |
| 本书分十章, 内容包括: 从管理到经营 ; 选业务与选入 ; 联合重组 ; 理性竞争 ; 合理定价 ; 有效创新 ; 互联网+ ; 三精管理 ; 格子化管控 ; 共享机制。 |
| ● |
| 相关链接 |
|
|
|
正题名:经营制胜
索取号:F272.3/S792
 
预约/预借
| 序号 | 登录号 | 条形码 | 馆藏地/架位号 | 状态 | 备注 |
| 1 | 1544337 | 215443376 | 社科库409/409社科库 88排1列1层/ [索取号:F272.3/S792] | 在馆 | |
| 2 | 1544338 | 215443385 | 社科库409/409社科库 88排1列1层/ [索取号:F272.3/S792] | 在馆 |